Score 0/10 Timer 01:00
1 Play Today
Hint 5-Letter Word % Correct
Coin or change follower?PURSE
98.3%
Homer's wifeMARGE
96.4%
To bring traffic lanes togetherMERGE
94.7%
Nightingale profession?NURSE
90.6%
Military rank, slangilySARGE
90.6%
Electrical rushSURGE
89.4%
Clean outPURGE
89.3%
At the edge: On the ______VERGE
82.3%
Part of a song's lyricsVERSE
81.5%
Brief and conciseTERSE
62.9%

Today's Daily Dose

Remove Ads.
Support Sporcle.
Get the best of Sporcle when you Go Orange. This ad-free experience offers more features, more stats, and more fun while also helping to support Sporcle. Thank you for becoming a member.

You're not logged in!

Compare scores with friends on all Sporcle quizzes.
OR
Log In

Show Comments

Extras

Top Quizzes Today


Score Distribution

Your Account Isn't Verified!

In order to create a playlist on Sporcle, you need to verify the email address you used during registration. Go to your Sporcle Settings to finish the process.

Report this User

Report this user for behavior that violates our Community Guidelines.

Details: